000 00550nam a22001817a 4500
003 LK-CoDNM
005 20241018121553.0
008 241018b |||||||| |||| 00| 0 eng d
040 _aLK-CoDNM
_dLK-CoDNM
_eLK-CoDNM
041 _asin
080 _aප්‍ර.ධ
_b17.B
245 _aධම් සමාජය 1949 - 1 කාණ්ඩය - 1-11 කලාප
260 _c1949
300 _a13p. : 24 cm
650 _aප්‍ර.ධ17.B
650 _aධම් සමාජය 1949 - 1 කාණ්ඩය - 1-11 කලාප
942 _cBK
999 _c220143
_d220143